<?xml version='1.0' encoding='UTF-8'?>
  <record xmlns="http://www.loc.gov/MARC21/slim">
    <leader>00000cem a22000007i 4500</leader>
    <controlfield tag="001">ocn902705390</controlfield>
    <controlfield tag="003">OCoLC</controlfield>
    <controlfield tag="005">20250325145304.6</controlfield>
    <controlfield tag="007">aj aauun</controlfield>
    <controlfield tag="008">150202s1757    ne        u     0   dut d</controlfield>
    <datafield tag="040" ind1=" " ind2=" ">
      <subfield code="a">NLGGC</subfield>
      <subfield code="b">dut</subfield>
      <subfield code="e">fobidrtb</subfield>
      <subfield code="c">NLGGC</subfield>
      <subfield code="d">QGJ</subfield>
      <subfield code="d">OCLCO</subfield>
      <subfield code="d">QGJ</subfield>
      <subfield code="d">OCLCL</subfield>
      <subfield code="d">OCLCQ</subfield>
    </datafield>
    <datafield tag="035" ind1=" " ind2=" ">
      <subfield code="a">(OCoLC)902705390</subfield>
    </datafield>
    <datafield tag="245" ind1="0" ind2="0">
      <subfield code="a">Krygs ingenieurs en artillerie tafel, in welke de voornaamste benamingen zoo wel der meetkunde, vestingbouw, oorlogsgereedschappen, vuurwerken; als ook anderen in den oorlog voorkomende zaken veldleger, linien, schantsen, machinen, en arbeidstuigen op het duidelijkste worden voorgestelt, zeer nuttig voor alle Heeren Officiers en anderen Liefhebbers deeser Konst.</subfield>
    </datafield>
    <datafield tag="246" ind1="3" ind2=" ">
      <subfield code="a">Carte très commode aux gens de guerre, ingénieurs et canonniers : contenant les principaux termes de géométrie, de fortification, d'artillerie, et des feux d'artifice</subfield>
    </datafield>
    <datafield tag="260" ind1=" " ind2=" ">
      <subfield code="a">Te Amsterdam :</subfield>
      <subfield code="b">by Cóvens en Mortier,</subfield>
      <subfield code="c">[na 1757]</subfield>
    </datafield>
    <datafield tag="300" ind1=" " ind2=" ">
      <subfield code="a">1 krt. :</subfield>
      <subfield code="b">kopergrav. ;</subfield>
      <subfield code="c">51 x 70 cm</subfield>
    </datafield>
    <datafield tag="336" ind1=" " ind2=" ">
      <subfield code="a">cartografische afbeelding</subfield>
      <subfield code="b">cri</subfield>
      <subfield code="2">rdacontent/dut</subfield>
    </datafield>
    <datafield tag="337" ind1=" " ind2=" ">
      <subfield code="a">zonder medium</subfield>
      <subfield code="b">n</subfield>
      <subfield code="2">rdamedia/dut</subfield>
    </datafield>
    <datafield tag="338" ind1=" " ind2=" ">
      <subfield code="a">vel</subfield>
      <subfield code="b">nb</subfield>
      <subfield code="2">rdacarrier/dut</subfield>
    </datafield>
    <datafield tag="500" ind1=" " ind2=" ">
      <subfield code="a">Titel ook in het Frans: Carte très commode aux gens de guerre, ingénieurs et canonniers : contenant les principaux termes de géométrie, de fortification, d'artillerie, et des feux d'artifice.</subfield>
    </datafield>
    <datafield tag="500" ind1=" " ind2=" ">
      <subfield code="a">Zie: 'Toonneel des Aerdrijcx', nr. 52.</subfield>
    </datafield>
    <datafield tag="510" ind1="0" ind2=" ">
      <subfield code="a">Koeman 2, 162 (kaart 138 in de 'Atlas Nouveau')</subfield>
    </datafield>
    <datafield tag="655" ind1=" " ind2="7">
      <subfield code="a">Kaarten (vorm)</subfield>
      <subfield code="0">(NL-LeOCL)088143554.</subfield>
      <subfield code="2">gtt</subfield>
    </datafield>
    <datafield tag="700" ind1="1" ind2=" ">
      <subfield code="a">Covens, Johannes,</subfield>
      <subfield code="d">1697-1774.</subfield>
      <subfield code="1">https://id.oclc.org/worldcat/entity/E39PBJrWGpFt7YVRmXp3VfryVC</subfield>
    </datafield>
    <datafield tag="700" ind1="1" ind2=" ">
      <subfield code="a">Mortier, Pieter,</subfield>
      <subfield code="d">1661-1711.</subfield>
    </datafield>
    <datafield tag="856" ind1="4" ind2="1">
      <subfield code="u">http://objects.library.uu.nl/reader/resolver.php?obj=002335940&amp;type=2</subfield>
      <subfield code="x">Online</subfield>
      <subfield code="z">Map</subfield>
    </datafield>
    <datafield tag="936" ind1=" " ind2=" ">
      <subfield code="a">BATCHLOAD</subfield>
    </datafield>
  </record>